01351nam a2200325Ia 4500001001100000003000800011006001900019007001500038008004100053040002100094035002100115050002900136100005400165245018500219246004100404260003900445300001800484500002300502500004800525533015200573650002900725650001700754650001600771655002900787700003200816700002000848710001700868856012500885999001501010ebr5001753CaPaEBRm u cr cn|||||||||720225r20011868onc s 000 0 eng d aCaPaEBRcCaPaEBR a(OCoLC)55942133414aB2053.S93bE6 2001 v.2eb1 aHolbach, Paul Henri Thiry,cbaron d',d1723-1789.14aThe System of natureh[electronic resource] :nVolume 2 :bor, Laws of the moral and physical world /cBaron d'Holbach, with notes by Diderot, now translated ... by H. D. Robinson.3 aLaws of the moral and physical world aKitchener, Ont. :bBatoche,c2001. a192, [216] p. aNotes : [193-216]. aOriginally published : [S.l. : s.n.], 1868. aElectronic reproduction.bPalo Alto, Calif. :cebrary,d2009.nAvailable via World Wide Web.nAccess may be limited to ebrary affiliated libraries. 0aPhilosophy and religion. 0aMaterialism. 0aPsychology. 7aElectronic books.2local1 aDiderot, Denis,d1713-1784.1 aRobinson, H. D.2 aebrary, Inc.40uhttp://site.ebrary.com/lib/rucke/Doc?id=5001753zAn electronic book accessible through the World Wide Web; click to view c1349d1349